| 000 | 00972cam a22002897a 4500 | ||
|---|---|---|---|
| 001 | 17549140 | ||
| 005 | 20180215092547.0 | ||
| 008 | 121204s2012 onca 000 0 eng | ||
| 010 | _a 2012474095 | ||
| 016 | _a20129037087 | ||
| 020 | _a9781770850408 | ||
| 020 | _a1770850406 | ||
| 035 | _a(OCoLC)ocn785066591 | ||
| 040 |
_aNLC _beng _cNLC _dBTCTA _dYDXCP _dBDX _dOCLCO _dBKX _dDLC |
||
| 041 | _aeng | ||
| 042 | _alccopycat | ||
| 055 | 0 | 0 |
_aSB472 _bO64 2012 |
| 080 | _a712.0222 ROS | ||
| 082 | 0 | 4 |
_a712.0222 ROS _223 |
| 100 | _a42 | ||
| 101 | _aART | ||
| 245 | 0 | 0 |
_a1000 details in landscape architecture : _cFrancesc Zamora Mola, editor. |
| 246 | 3 | _aOne thousand details in landscape architecture | |
| 906 |
_a7 _bcbc _ccopycat _d2 _encip _f20 _gy-gencatlg |
||
| 942 |
_2ddc _cBK |
||
| 999 |
_c42706 _d42706 |
||